000 00584nam a2200181Ia 4500
008 090123s9999 xx 000 0 und d
082 _b37204
100 _aजावळे पद्मावती
245 _aतळ्यात मळ्यात
250 _a0
260 _bयोगिता प्रकाशन
_c2004
300 _a88
600 _aजावळे पद्मावती
630 _aतळ्यात मळ्यात
700 _aजावळे पद्मावती
730 _aतळ्यात मळ्यात
942 _cBOOK
999 _c75271
_d75271